000
00302nam a22001217a 4500
040
_c
SCME
100
_a
Silberberg, Amateis
_9
104839
245
_a
Chemistry the molecular nature of matter and change
250
_a
8th
260
_a
New York
_b
Mc Graw Hill
_c
2018
300
_a
1119p.
942
_2
ddc
_c
BK
999
_c
592684
_d
592684